[Event "ITA-ch U16"]
[White "Maulo, Alessandra"]
[Black "Cadoni, Valentina"]
[Site "Salsomaggiore Terme"]
[Round "3"]
[Result "1-0"]
[Date "2019.07.09"]
[WhiteElo "1604"]
[BlackElo "1245"]
[PlyCount "43"]
[EventDate "2019.07.07"]
[EventType "swiss"]
[EventRounds "9"]
[EventCountry "ITA"]
[SourceTitle "EXT 2020"]
[Source "ChessBase"]
[SourceDate "2019.10.17"]
[SourceVersion "1"]
[SourceVersionDate "2019.10.17"]
[SourceQuality "1"]

1. e4 c5 2. Nf3 e6 3. d4 cxd4 4. Nxd4 Nc6 5. Nc3 g6 6. Be2 Nf6 7. 0-0 a6 8. Nxc6 bxc6 9. e5 Nd5 10. Ne4 Be7 11. Nd6+ Bxd6 12. exd6 0-0 13. c4 Nf6 14. Bg5 c5 15. Bf3 Rb8 16. Qe2 Bb7 17. Bxb7 Rxb7 18. Qf3 Qb6 19. Bxf6 Rfb8 20. Qf4 Kf8 21. Qh6+ Ke8 22. Be7 1-0

[Event "World Amateur-ch U1700 (Women)"]
[White "Cadoni, Valentina"]
[Black "Popova, Vilena"]
[Site "Cagliari"]
[Round "1"]
[Result "0-1"]
[Date "2018.04.22"]
[WhiteElo "1238"]
[BlackElo "1630"]
[PlyCount "36"]
[EventDate "2018.04.22"]
[EventType "swiss"]
[EventRounds "9"]
[EventCountry "ITA"]
[SourceTitle "CBM 184 Extra"]
[Source "ChessBase"]
[SourceDate "2018.06.28"]
[SourceVersion "1"]
[SourceVersionDate "2018.06.28"]
[SourceQuality "1"]

1. d4 e5 2. dxe5 Nc6 3. Nf3 Qe7 4. Nc3 Nxe5 5. Nxe5 Qxe5 6. g3 Bb4 7. Bd2 Nf6 8. Bg2 0-0 9. 0-0 d6 10. e4 Bg4 11. Qc1 Qh5 12. f4 Bh3 13. Bf3 Bg4 14. Bg2 Rae8 15. Qe1 Bh3 16. Bf3 Ng4 17. Qd1 Bc5+ 18. Kh1 Bg2+ 0-1